Психология и педагогика: учебное пособие для вузов

التفاصيل البيبلوغرافية
المؤلف الرئيسي: Сластенин В. А. Виталий Александрович
مؤلف مشترك: Международная Академия наук педагогического образования
مؤلفون آخرون: Каширин В. П. Владимир Петрович
الملخص:Учебное пособие знакомит студентов непедагогических специальностей с современной отечественной и зарубежной психологией и педагогикой; рассматриваются, в частности, такие вопросы, как психология личности, теоретико-методологические основы педагогики, воспитание и обучение в педагогическом процессе, поддержание психического здоровья, регулирование межличностных отношений; особое внимание уделяется педагогике и психологии профессиональной деятельности. Для студентов, обучающихся по педагогическим специальностям. Может быть полезно специалистам разных отраслей, прежде всего тем, кому предстоит работать с людьми.
اللغة:الروسية
منشور في: Москва, Академия, 2007
الطبعة:6-е изд., стер.
سلاسل:Высшее профессиональное образование
الموضوعات:
التنسيق: كتاب
KOHA link:https://koha.lib.tpu.ru/cgi-bin/koha/opac-detail.pl?biblionumber=138015

MARC

LEADER 00000nam0a2200000 4500
001 138015
005 20231101220721.0
010 |a 9785769545160 
035 |a (RuTPU)RU\TPU\book\149552 
035 |a RU\TPU\book\103486 
035 |a RU\TPU\book\134762 
090 |a 138015 
100 |a 20071102d2007 m y0rusy50 ca 
101 0 |a rus 
102 |a RU 
105 |a y j 001zy 
200 1 |a Психология и педагогика  |e учебное пособие для вузов  |f В. А. Сластенин, В. П. Каширин  |g Международная Академия наук педагогического образования 
205 |a 6-е изд., стер. 
210 |a Москва  |c Академия  |d 2007 
215 |a 480 с. 
225 1 |a Высшее профессиональное образование 
320 |a Библиогр.: с. 466-473. 
330 |a Учебное пособие знакомит студентов непедагогических специальностей с современной отечественной и зарубежной психологией и педагогикой; рассматриваются, в частности, такие вопросы, как психология личности, теоретико-методологические основы педагогики, воспитание и обучение в педагогическом процессе, поддержание психического здоровья, регулирование межличностных отношений; особое внимание уделяется педагогике и психологии профессиональной деятельности. Для студентов, обучающихся по педагогическим специальностям. Может быть полезно специалистам разных отраслей, прежде всего тем, кому предстоит работать с людьми. 
451 1 |0 (RuTPU)RU\TPU\book\134762  |y 978-5-7695-3851-3  |t Психология и педагогика  |o учебное пособие для вузов  |f В. А. Сластенин, В. П. Каширин  |g Международная Академия наук педагогического образования  |e 5-е изд., стер.  |c М.  |n Академия  |d 2007  |p 480 с.  |s Высшее профессиональное образование  |a Сластенин, Виталий Александрович 
606 1 |a Психология общая  |2 stltpush  |3 (RuTPU)RU\TPU\subj\53137  |9 71487 
606 1 |a Педагогика общая  |2 stltpush  |3 (RuTPU)RU\TPU\subj\48422  |9 67292 
610 1 |a психология 
610 1 |a личность 
610 1 |a педагогика 
610 1 |a педагогические исследования 
610 1 |a аксиология 
610 1 |a социализация 
610 1 |a воспитание 
610 1 |a образование 
610 1 |a педагогический процесс 
610 1 |a учебно-методическая работа 
610 1 |a межличностное общение 
610 1 |a учебные пособия 
686 |a Ю93я73  |v LBC/SL-A  |2 rubbk 
686 |a Ч31я73  |v LBC/SL-A  |2 rubbk 
700 1 |a Сластенин  |b В. А.  |g Виталий Александрович 
701 1 |a Каширин  |b В. П.  |g Владимир Петрович 
712 0 2 |a Международная Академия наук педагогического образования  |2 stltpush  |3 (RuTPU)RU\TPU\col\5924  |9 24175 
801 1 |a RU  |b 63413507  |c 20080519  |g PSBO 
801 2 |a RU  |b 63413507  |c 20150618  |g PSBO 
900 |a Психология и педагогика 
900 |a Педагогика и психология 
942 |c BK 
951 |a 510000  |a 520000  |a 550000 
959 |a 50/20080519  |d 2  |e 0  |f ЧЗГЛ:1  |f АНЛ:1